| 000 | 00548nam a2200193Ia 4500 | ||
|---|---|---|---|
| 008 | 140429s9999 xx 000 0 und d | ||
| 020 | _a9781856698252 | ||
| 050 |
_aHF 5823 _b.K484 2012 |
||
| 100 | _aKesselskramer | ||
| 245 |
_aAdvertising for people who don't like advertising / _cKesselskramer. |
||
| 260 |
_aLondon : _bLaurence King Pub., _cc2012. |
||
| 300 |
_a239 p. : _bcol. ill. ; _c25 cm. |
||
| 521 | _aMC | ||
| 650 | _aAdvertising. | ||
| 650 | _aCommercial art. | ||
| 650 | _aKasselsKramer. | ||
| 942 |
_kFOR _cBK |
||
| 999 |
_c115636 _d115636 |
||